| 000 | 00918cab a2200289 4500 | ||
|---|---|---|---|
| 001 | ABS55709 | ||
| 008 | 090401t1996 xxu||||| |||| 00| 0 eng d | ||
| 035 | _a(Sirsi) u18221 | ||
| 041 | _aeng | ||
| 100 | _aAdams, J. | ||
| 245 | _aAnother view of AGAs | ||
| 260 | _c1996 | ||
| 350 | _a0 | ||
| 490 |
_aEstates Gazette _v(9632) 10 August 1996, 68(1) |
||
| 520 | _aExamines the enforceability of authorised guarantee agreements under the terms of the Landlord and Tenant (Covenants) Act 1995 ss24 & 25. For counter-argument see Abs55201). | ||
| 650 | _aASSIGNMENT | ||
| 650 | _aAUTHORISED GUARANTEE AGREEMENTS | ||
| 650 | _aGUARANTEES | ||
| 650 | _aGUARANTOR LIABILITY | ||
| 650 | _aLANDLORD AND TENANT (COVENANTS) ACT 1995 | ||
| 650 | _aLEASES | ||
| 650 | _aSURETIES | ||
| 650 | _aTENANTS GUARANTEE COVENANT | ||
| 690 | _aLANDLORD AND TENANT-LEASEHOLD REFORM | ||
| 942 | _n0 | ||
| 948 | _c04/03/1997 | ||
| 999 |
_c12091 _d12091 |
||